[Event "Cto Equipos Aragon 2013 Preferente II"]
[Site "Aragon"]
[Date "2013.03.16"]
[Round "8.64"]
[White "Correas Marcen, Jose Maria"]
[Black "Hernandez Montoro, Irene"]
[Result "1/2-1/2"]
[WhiteElo "2079"]
[BlackElo "1579"]
[PlyCount "73"]
[EventDate "2013.??.??"]
[EventType "tourn"]
[EventRounds "9"]
[EventCountry "ESP"]
[WhiteTeam "El Olivar B"]
[BlackTeam "Ibercaja C"]

1. Nf3 c5 2. g3 d6 3. Bg2 Nc6 4. O-O Nf6 5. d4 cxd4 6. Nxd4 Bd7 7. Nxc6 Bxc6 8.
Bxc6+ bxc6 9. Nc3 g6 10. Bg5 Bg7 11. e4 Qa5 12. Qd2 O-O 13. Rfd1 Rab8 14. Rab1
Rfe8 15. f3 Nd7 16. Kg2 Rxb2 17. Ne2 Qxd2 18. Bxd2 Reb8 19. Rbc1 Rxa2 20. Bg5
Kf8 21. Nd4 Rbb2 22. Nxc6 Rxc2+ 23. Kg1 Rg2+ 24. Kf1 Rxh2 25. Bxe7+ Kg8 26. Kg1
Bh6 27. f4 Rhg2+ 28. Kh1 Rxg3 29. Bxd6 Rh3+ 30. Kg1 Rg3+ 31. Kh1 Rh3+ 32. Kg1
g5 33. Nb4 Rg3+ 34. Kh1 Rh3+ 35. Kg1 Rg3+ 36. Kh1 Rh3+ 37. Kg1 1/2-1/2

[Event "Cto Equipos Aragon 2013 Preferente II"]
[Site "Aragon"]
[Date "2013.03.16"]
[Round "8.65"]
[White "Planas Torrea, Francisco Javier"]
[Black "Fernandez Rubio, Rafael"]
[Result "1-0"]
[WhiteElo "1996"]
[BlackElo "2062"]
[PlyCount "117"]
[EventDate "2013.??.??"]
[EventType "tourn"]
[EventRounds "9"]
[EventCountry "ESP"]
[WhiteTeam "Ejea"]
[BlackTeam "Tauste"]

1. d4 f5 2. Nc3 Nf6 3. Bg5 e6 4. e4 fxe4 5. Nxe4 Be7 6. Bxf6 Bxf6 7. Qh5+ g6 8.
Qh6 d5 9. Nxf6+ Qxf6 10. Nf3 Nc6 11. O-O-O a6 12. Bd3 Bd7 13. Rhe1 O-O-O 14.
Qe3 Rhf8 15. Bf1 Rde8 16. Kb1 Rf7 17. Rd2 Kb8 18. Ne5 Nxe5 19. Qxe5 Qxe5 20.
Rxe5 Rf5 21. Rxf5 exf5 22. Re2 Re4 23. Rxe4 dxe4 24. c4 b5 25. Kc2 Kb7 26. Kc3
Kb6 27. b4 Kc6 28. d5+ Kd6 29. Kd4 bxc4 30. Bxc4 Bb5 31. Bb3 Bf1 32. g3 g5 33.
a4 Bg2 34. Bc4 f4 35. gxf4 gxf4 36. Bxa6 e3 37. fxe3 f3 38. e4 f2 39. e5+ Kd7
40. Kc5 f1=Q 41. Bxf1 Bxf1 42. b5 Bd3 43. a5 Kc8 44. Kc6 Bg6 45. h4 Be8+ 46.
Kc5 Kb7 47. e6 h5 48. b6 Ba4 49. bxc7 Kxc7 50. d6+ Kd8 51. a6 Bd1 52. Kb6 Bb3
53. a7 Bd5 54. Kc5 Ba8 55. Kd4 Bf3 56. Ke5 Ba8 57. Kf6 Bd5 58. Kf7 Kc8 59. Ke7
1-0

[Event "Cto Equipos Aragon 2013 Preferente II"]
[Site "Aragon"]
[Date "2013.03.17"]
[Round "8.66"]
[White "Vera Jimenez, Andres"]
[Black "Planas Torrea, Alberto"]
[Result "1/2-1/2"]
[WhiteElo "1986"]
[BlackElo "1940"]
[PlyCount "70"]
[EventDate "2013.??.??"]
[EventType "tourn"]
[EventRounds "9"]
[EventCountry "ESP"]
[WhiteTeam "Tauste"]
[BlackTeam "Ejea"]

1. Nf3 c6 2. d4 d5 3. g3 Bf5 4. Bg2 Nf6 5. O-O e6 6. c4 Bd6 7. Nc3 Nbd7 8. Re1
O-O 9. Bg5 h6 10. Bxf6 Nxf6 11. Nd2 Bb4 12. a3 Bxc3 13. bxc3 Qa5 14. Qc1 Qa6
15. c5 b6 16. cxb6 axb6 17. c4 Rfc8 18. Qc3 Qa5 19. Qb4 c5 20. dxc5 bxc5 21.
Qxa5 Rxa5 22. cxd5 exd5 23. e4 dxe4 24. Nxe4 Nxe4 25. Bxe4 Be6 26. Rec1 g6 27.
Kg2 Rb8 28. Rc3 Rb3 29. Rxb3 Bxb3 30. Kf3 f5 31. Bc6 Kf7 32. Ke3 Ke6 33. Kd3
Kd6 34. Be8 g5 35. Kc3 Bd5 1/2-1/2

[Event "Cto Equipos Aragon 2013 Preferente II"]
[Site "Aragon"]
[Date "2013.03.16"]
[Round "8.67"]
[White "Marcellan Peire, Jesus"]
[Black "Sierra Aguerri, Joaquin"]
[Result "0-1"]
[WhiteElo "1879"]
[BlackElo "1978"]
[PlyCount "135"]
[EventDate "2013.??.??"]
[EventType "tourn"]
[EventRounds "9"]
[EventCountry "ESP"]
[WhiteTeam "Ejea"]
[BlackTeam "Tauste"]

1. d4 e6 2. c4 Bb4+ 3. Bd2 Qe7 4. Nc3 f5 5. Nf3 Nf6 6. Bg5 Bxc3+ 7. bxc3 Qa3 8.
Qb3 Qxb3 9. axb3 Ne4 10. Bd2 d6 11. h4 Nd7 12. g3 Ndf6 13. Bg2 h6 14. b4 Ng4
15. O-O Rg8 16. Be1 Ke7 17. Nh2 Nxh2 18. Kxh2 Bd7 19. f3 Nf6 20. Bd2 g5 21.
hxg5 hxg5 22. Kg1 a6 23. Kf2 Bc6 24. Rh1 g4 25. Rh6 b6 26. Rah1 Rg7 27. Re1 Bb7
28. Bf4 a5 29. b5 Rf8 30. Ra1 Nd7 31. c5 Bd5 32. c6 Nf6 33. Rhh1 Rgg8 34. Ke3
Rh8 35. Bg5 Rfg8 36. Bxf6+ Kxf6 37. Kd3 gxf3 38. Rxh8 Rxh8 39. exf3 Rg8 40. c4
Rxg3 41. cxd5 Rxg2 42. dxe6 Kxe6 43. Re1+ Kf7 44. Kc4 Rb2 45. Rh1 Rb4+ 46. Kc3
Rxb5 47. Rh7+ Ke6 48. Rxc7 Kd5 49. Rc8 Rb4 50. c7 Rc4+ 51. Kb3 b5 52. f4 Kc6
53. Rb8 a4+ 54. Ka3 Kxc7 55. Rxb5 Rxd4 56. Rxf5 Kc6 57. Rf8 Kd5 58. Rf5+ Ke4
59. Rf8 Rd5 60. Kxa4 Rf5 61. Re8+ Kxf4 62. Kb4 Re5 63. Rd8 Rd5 64. Kc4 Ke4 65.
Kc3 Rc5+ 66. Kd2 d5 67. Re8+ Kd4 68. Rd8 0-1

[Event "Cto Equipos Aragon 2013 Preferente II"]
[Site "Aragon"]
[Date "2013.03.16"]
[Round "8.68"]
[White "Sancho Casale, Jesus"]
[Black "Merin Flores, Miguel Angel"]
[Result "1/2-1/2"]
[WhiteElo "1941"]
[BlackElo "1716"]
[PlyCount "83"]
[EventDate "2013.??.??"]
[EventType "tourn"]
[EventRounds "9"]
[EventCountry "ESP"]
[WhiteTeam "Tauste"]
[BlackTeam "Ejea"]

1. e4 c6 2. d4 d5 3. e5 Bf5 4. Nf3 e6 5. Be2 Nd7 6. O-O Qb6 7. b3 h6 8. Nbd2
Bb4 9. Bb2 Bxd2 10. Qxd2 c5 11. c4 Ne7 12. Rac1 Rc8 13. Ba3 cxd4 14. Bxe7 Kxe7
15. cxd5 exd5 16. Qxd4 Qxd4 17. Nxd4 Be6 18. f4 Nb6 19. Bf3 Rxc1 20. Rxc1 Rc8
21. Rxc8 Bxc8 22. Kf2 f6 23. exf6+ Kxf6 24. Ke3 a6 25. Nc2 Be6 26. Kd4 Ke7 27.
Ne3 Kd6 28. g4 g6 29. f5 gxf5 30. Nxf5+ Bxf5 31. gxf5 a5 32. a3 a4 33. bxa4
Nxa4 34. Bxd5 b6 35. Be6 Nc5 36. Kc4 Ne4 37. Kb5 Kc7 38. Bd5 Nd6+ 39. Kb4 Nxf5
40. Be4 Nd6 41. Bd5 Kd7 42. Bc4 1/2-1/2

[Event "Cto Equipos Aragon 2013 DH Titulo"]
[Site "?"]
[Date "2013.03.23"]
[Round "9.1"]
[White "Ramon Perez, Jose Luis"]
[Black "Garza Marco, Sergio"]
[Result "0-1"]
[WhiteElo "2236"]
[BlackElo "2438"]
[PlyCount "58"]
[EventDate "2013.??.??"]
[EventType "tourn"]
[EventRounds "4"]
[WhiteTeam "Agrupacion"]
[BlackTeam "Jaime Casas"]

1. e4 d6 2. Nc3 g6 3. f4 Bg7 4. Nf3 Nf6 5. Bc4 c6 6. d3 O-O 7. O-O d5 8. Bb3
Na6 9. Qe2 Nc5 10. h3 b6 11. Ne5 Bb7 12. Ng4 Nxg4 13. hxg4 a5 14. a3 dxe4 15.
Nxe4 Nxb3 16. cxb3 Ba6 17. Rf3 Qd4+ 18. Nf2 e6 19. Be3 Qxb2 20. Qxb2 Bxb2 21.
Ra2 Bg7 22. Bxb6 Rfb8 23. Bxa5 Rxb3 24. Bb4 Bd4 25. Kh2 c5 26. Be1 Bb7 27. a4
Bxf3 28. gxf3 Rb1 29. Re2 Rxe1 0-1

[Event "Cto Equipos Aragon 2013 DH Titulo"]
[Site "?"]
[Date "2013.03.23"]
[Round "9.2"]
[White "Antoli Royo, Joaquin Miguel"]
[Black "Mimbela Lopez, Miguel Angel"]
[Result "1/2-1/2"]
[WhiteElo "2412"]
[BlackElo "2187"]
[PlyCount "84"]
[EventDate "2013.??.??"]
[EventType "tourn"]
[EventRounds "4"]
[WhiteTeam "Jaime Casas"]
[BlackTeam "Agrupacion"]

1. e4 e5 2. Nc3 Nf6 3. Bc4 Bb4 4. d3 c6 5. a3 Bxc3+ 6. bxc3 d5 7. exd5 cxd5 8.
Ba2 Bg4 9. Ne2 h6 10. Rb1 Qd7 11. h3 Bh5 12. g4 Bg6 13. f4 exf4 14. Bxf4 O-O
15. O-O Nc6 16. Nd4 Nxd4 17. cxd4 Rfe8 18. Bb3 Re6 19. Qf3 Rae8 20. Be5 Qe7 21.
a4 h5 22. g5 Nd7 23. Bf4 Rc6 24. Qxd5 Nf8 25. Qg2 Ne6 26. Be3 Nc5 27. Bf4 Nxb3
28. Rxb3 Rb6 29. Rxb6 axb6 30. Be5 Qd7 31. Rf2 Ra8 32. Qf3 Rxa4 33. d5 Ra5 34.
c4 Ra3 35. Rd2 Qe7 36. Qe3 f6 37. d6 Ra1+ 38. Kf2 Qd7 39. Bf4 Qc6 40. Re2 Qh1
41. Re1 Ra2+ 42. Re2 Ra1 1/2-1/2

[Event "Cto Equipos Aragon 2013 DH Titulo"]
[Site "?"]
[Date "2013.03.23"]
[Round "9.3"]
[White "Martinez Asensio, Juan Miguel"]
[Black "Ramiro Ovejero, Juan Luis"]
[Result "0-1"]
[WhiteElo "2099"]
[BlackElo "2362"]
[PlyCount "62"]
[EventDate "2013.??.??"]
[EventType "tourn"]
[EventRounds "4"]
[WhiteTeam "Agrupacion"]
[BlackTeam "Jaime Casas"]

1. c4 e5 2. g3 Nf6 3. Bg2 h6 4. Nc3 Bb4 5. Nd5 Nxd5 6. cxd5 O-O 7. Nf3 Re8 8.
O-O c6 9. d4 d6 10. dxc6 Nxc6 11. d5 Ne7 12. e4 Bd7 13. Ne1 f5 14. Nd3 Ba5 15.
Kh1 fxe4 16. Bxe4 Bf5 17. f3 Bh3 18. Rf2 Bb6 19. g4 Rc8 20. Bd2 Qd7 21. Qe2 Qb5
22. Rg1 Nxd5 23. Nf4 Qxe2 24. Bxd5+ Kh8 25. Rxe2 exf4 26. Rge1 Rxe2 27. Rxe2
Be3 28. Bc3 b5 29. a3 a5 30. Re1 b4 31. axb4 axb4 0-1

[Event "Cto Equipos Aragon 2013 DH Titulo"]
[Site "?"]
[Date "2013.03.23"]
[Round "9.4"]
[White "Fontana Sotomayor, Luis Javier"]
[Black "Carruez Berges, Santiago"]
[Result "1-0"]
[WhiteElo "2315"]
[BlackElo "2119"]
[PlyCount "68"]
[EventDate "2013.??.??"]
[EventType "tourn"]
[EventRounds "4"]
[WhiteTeam "Jaime Casas"]
[BlackTeam "Agrupacion"]

1. d4 Nf6 2. Nf3 g6 3. Nbd2 Bg7 4. e4 d6 5. Bd3 O-O 6. c3 Re8 7. O-O e5 8. Re1
Nh5 9. dxe5 dxe5 10. Nc4 Nc6 11. Qc2 h6 12. b4 Qf6 13. b5 Nd8 14. Ne3 c6 15.
bxc6 bxc6 16. Bf1 Nf4 17. Nd2 Bf8 18. Ndc4 Bc5 19. Ba3 Bxa3 20. Nxa3 Qg5 21.
Kh1 h5 22. Rad1 Bg4 23. Nxg4 hxg4 24. g3 Nh5 25. Nc4 Kg7 26. Qb3 Nf6 27. Re3
Qh5 28. Rd6 Ne6 29. Kg1 Ng5 30. Bg2 Rh8 31. Kf1 Nf3 32. Rd1 Rab8 33. Qc2 Ng5
34. Nxe5 Rb6 1-0

[Event "Cto Equipos Aragon 2013 DH Titulo"]
[Site "?"]
[Date "2013.03.23"]
[Round "9.9"]
[White "Cifuentes Parada, Roberto"]
[Black "Baron Rodriguez, Jesus"]
[Result "0-1"]
[WhiteElo "2473"]
[BlackElo "2438"]
[PlyCount "104"]
[EventDate "2013.??.??"]
[EventType "tourn"]
[EventRounds "4"]
[WhiteTeam "Casino Jaque"]
[BlackTeam "Ibercaja"]

1. d4 d5 2. Nf3 Bf5 3. c4 e6 4. Nc3 c6 5. e3 Nf6 6. Nh4 Bg6 7. Qb3 Qb6 8. Nxg6
hxg6 9. Bd2 Nbd7 10. h3 Be7 11. Be2 g5 12. O-O-O O-O-O 13. Qc2 Kb8 14. Kb1 Rhe8
15. Ka1 {Con idea de avanzar los peones en el flanco dama mediante: c4-c5,
b2-b4-b5.} dxc4 $1 16. Bxc4 Nd5 17. e4 ({Digna de considerar para las blancas
era:} 17. Na4 $5 Qc7 18. e4 N5b6 19. Ba5 $1 Qf4 20. Bb3 $14) 17... Nxc3 18.
bxc3 ({Contra} 18. Bxc3 Bb4 $11) 18... c5 19. d5 ({Otra posibilidad era,} 19.
Be3 Qc7 20. Qb3 Nb6 21. Be2 $14) 19... Ne5 20. Rb1 Qa5 21. Bb5 Rf8 22. f4 gxf4
23. Bxf4 Bf6 $1 24. Bc6 b6 25. g4 $2 ({Era mejor actuar de inmediato en el
flanco dama y jugar:} 25. Rb5 $1 Qa6 26. Rhb1 Kc8 $1 27. Bxe5 $1 Bxe5 28. R1b3
{Con la amenaza, Rb2 seguido por Ta3, ganando la dama negra.} Rd6 $1 29. Qe2 $1
({Si} 29. Kb2 $6 Rxc6 $1 30. dxc6 Rd8 31. a3 Qa4 $1 $44) 29... Rxc6 $1 (29...
Qa4 $2 30. Rxb6 $1) (29... Kc7 30. Kb2 Qc8 31. a4 Rxc6 32. dxc6 Kxc6 33. a5 Bc7
34. axb6 axb6 35. e5 $16) 30. dxc6 Rd8 $13 {con un juego complicado.}) 25... g5
26. Rb5 (26. Bg3 Kc8 27. Rhf1 Bg7 28. Bxe5 Bxe5 29. Rf3 a6 30. Rbf1 Rh8 31. Kb1
Bf4 32. c4 $13) 26... Qa6 27. Bg3 Kc8 28. Rhb1 Bh8 29. R1b3 $2 Nxc6 $1 30. dxc6
c4 31. R3b4 Rd3 32. Be5 Rfd8 33. Qa4 Qxa4 34. Rxa4 Bxe5 35. Rxe5 Rxh3 36. Rxa7
Rd2 37. Rb5 Rxc3 38. Rxb6 Re3 39. Rxf7 $2 ({Lo correcto era:} 39. Rbb7 $1 Re1+
40. Rb1 Rxe4 41. Rh1 c3 42. a3 Rc4 43. Kb1 $1) 39... c3 40. Rb1 Rxe4 41. Rc1 ({
Si} 41. c7 Rd7 42. Rxd7 Kxd7 43. Rc1 Rc4 44. Kb1 Kxc7 45. Kc2 Kd6 $17) 41...
Rxg4 $19 42. Rf3 Rgg2 $1 43. Rf8+ Kc7 44. Rf7+ Kxc6 45. Rxc3+ Kd6 46. Rb7 g4
47. Rb6+ Ke7 48. a4 g3 49. a5 Rg1+ 50. Rb1 Rxb1+ 51. Kxb1 g2 52. Rc1 Rf2 $1 (
52... Rf2 $1 53. a6 Rf1 54. a7 Rxc1+ 55. Kxc1 g1=Q+ $19) 0-1

[Event "Cto Equipos Aragon 2013 DH Titulo"]
[Site "?"]
[Date "2013.03.23"]
[Round "9.10"]
[White "Huguet Mainar, Sergio"]
[Black "Accattato Martin, Mario"]
[Result "0-1"]
[WhiteElo "2162"]
[BlackElo "2174"]
[PlyCount "128"]
[EventDate "2013.??.??"]
[EventType "tourn"]
[EventRounds "4"]
[WhiteTeam "Ibercaja"]
[BlackTeam "Casino Jaque"]

1. e4 c5 2. Nf3 Nc6 3. b3 Nf6 4. Nc3 d5 5. exd5 Nxd5 6. Bb2 Bg4 7. Bb5 Nxc3 8.
Bxc6+ bxc6 9. Bxc3 f6 10. h3 Bxf3 11. Qxf3 Qd5 12. Qg4 Kf7 13. O-O h5 14. Qc4
e6 15. Rae1 Rh6 16. Re3 Rg6 17. f3 Bd6 18. Rfe1 Re8 19. Qe2 Qf5 20. g4 Qf4 21.
Re4 Qg3+ 22. Qg2 f5 23. R4e2 hxg4 24. fxg4 fxg4 25. Rf1+ Ke7 26. Qxg3 Bxg3 27.
hxg4 Rxg4 28. Rg2 Rg5 29. Rf3 Bh4 30. Bxg7 Rxg2+ 31. Kxg2 Rg8 32. Kh3 Rxg7 33.
Kxh4 Rg2 34. Rd3 Rg1 35. Rg3 Rh1+ 36. Kg5 Rd1 37. Rd3 Ra1 38. a4 c4 39. Rh3 Ra2
40. Rh7+ Kd6 41. Rxa7 Rxc2 42. bxc4 Rxd2 43. Kf4 Kc5 44. Ke3 Rd1 45. Ke2 Rd6
46. a5 Kxc4 47. Rb7 Kd5 48. a6 c5 49. a7 Ra6 50. Rd7+ Kc4 51. Rc7 Kd4 52. Kd2
Ra2+ 53. Kc1 e5 54. Kb1 Ra6 55. Rd7+ Ke3 56. Kc2 e4 57. Re7 Kd4 58. Rd7+ Ke3
59. Re7 Kf3 60. Rf7+ Ke2 61. Re7 e3 62. Rf7 Ke1 63. Re7 e2 64. Kd3 Kd1 0-1

[Event "Cto Equipos Aragon 2013 DH Titulo"]
[Site "?"]
[Date "2013.03.23"]
[Round "9.11"]
[White "Abos Rosico, Antonio"]
[Black "Gines Abad, Pedro"]
[Result "1-0"]
[WhiteElo "2073"]
[BlackElo "2088"]
[PlyCount "103"]
[EventDate "2013.??.??"]
[EventType "tourn"]
[EventRounds "4"]
[WhiteTeam "Casino Jaque"]
[BlackTeam "Ibercaja"]

1. e4 d5 2. Nc3 d4 3. Nce2 c5 4. Nf3 Nc6 5. Ng3 Nf6 6. Bb5 Bd7 7. O-O a6 8.
Bxc6 Bxc6 9. d3 Qc7 10. e5 Bxf3 11. Qxf3 Qxe5 12. Qxb7 Qd5 13. Qxd5 Nxd5 14.
Bd2 e6 15. c4 Nf6 16. a3 Rb8 17. b4 Kd7 18. Rfb1 Kc6 19. Rb3 a5 20. b5+ Kb6 21.
a4 Bd6 22. Ne2 Nd7 23. Rba3 Rhe8 24. Re1 Ra8 25. Nc1 Ne5 26. Ra2 f5 27. f3 h6
28. Re2 g5 29. Kf1 Nf7 30. g3 Ne5 31. Kg2 Re7 32. Be1 h5 33. Rad2 g4 34. f4 Nf3
35. Rd1 h4 36. Nb3 hxg3 37. Bxg3 Rh8 38. Nd2 Nh4+ 39. Kg1 Ng6 40. Rde1 Rhe8 41.
Rf1 Bc7 42. Nb3 Bd6 43. Be1 Bxf4 44. Bxa5+ Ka7 45. Nxc5 Be3+ 46. Kh1 Rh7 47.
b6+ Ka8 48. Rb1 g3 49. b7+ Ka7 50. Rb6 Bf2 51. Ra6+ Kb8 52. Ra8# 1-0

[Event "Cto Equipos Aragon 2013 DH Titulo"]
[Site "?"]
[Date "2013.03.23"]
[Round "9.12"]
[White "Jimenez Fernandez, Alejandro"]
[Black "Mancho Fondevila, Jorge"]
[Result "1-0"]
[WhiteElo "2011"]
[BlackElo "1878"]
[PlyCount "127"]
[EventDate "2013.??.??"]
[EventType "tourn"]
[EventRounds "4"]
[WhiteTeam "Ibercaja"]
[BlackTeam "Casino Jaque"]

1. d4 d5 2. c4 c6 3. Nf3 Nf6 4. Nc3 g6 5. e3 Bg7 6. h3 O-O 7. Bd3 b6 8. O-O Bb7
9. b3 Nbd7 10. cxd5 cxd5 11. Ba3 Ne4 12. Rc1 Rc8 13. Nb1 Re8 14. Rxc8 Qxc8 15.
Qc1 Qd8 16. Rd1 f5 17. Nbd2 a6 18. Qc2 Qb8 19. Rc1 Rc8 20. Qb2 e5 21. Rxc8+
Bxc8 22. Bf1 Qc7 23. Qc1 Qxc1 24. Bxc1 exd4 25. Nxd4 Ndc5 26. Nc6 Bb7 27. Nd4
Kf7 28. g4 fxg4 29. hxg4 Nxd2 30. Bxd2 Ne4 31. Be1 Bxd4 32. exd4 b5 33. f3 Ng5
34. Kf2 Bc8 35. Bd2 Ne6 36. Ke3 Bd7 37. f4 Ng7 38. Bg2 Ke6 39. Bb4 Ne8 40. f5+
gxf5 41. gxf5+ Kf6 42. Bxd5 Bc8 43. Bf8 h5 44. Kf4 h4 45. Bh6 Bxf5 46. Bg5+ Kg6
47. Bxh4 Bb1 48. Be4+ Bxe4 49. Kxe4 Nd6+ 50. Kd5 Nf5 51. Bf2 Kf6 52. Kc5 Ke6
53. Kb6 Kd5 54. Kxa6 Nd6 55. Be1 Kc6 56. Bb4 Nf5 57. d5+ Kxd5 58. Kxb5 Nd4+ 59.
Ka4 Kc6 60. Bd2 Nc2 61. a3 Kb6 62. b4 Ka6 63. Bc3 Kb6 64. Kb3 1-0

[Event "Cto Equipos Aragon 2013 DH Titulo"]
[Site "?"]
[Date "2013.03.23"]
[Round "9.13"]
[White "Del Rey, Diego"]
[Black "Martinez Catalan, Francisco Javier"]
[Result "1-0"]
[WhiteElo "2383"]
[BlackElo "2240"]
[PlyCount "51"]
[EventDate "2013.??.??"]
[EventType "tourn"]
[EventRounds "4"]
[WhiteTeam "El Olivar"]
[BlackTeam "L`Aurora Estadilla"]

1. c4 e5 2. g3 Nc6 3. Bg2 Nf6 4. Nc3 Bc5 5. a3 a6 6. e3 d6 7. Nge2 Ba7 8. d4
exd4 9. exd4 h6 10. O-O O-O 11. h3 Ne7 12. b4 c6 13. a4 Be6 14. d5 cxd5 15.
cxd5 Bf5 16. g4 Bh7 17. g5 Nd7 18. gxh6 Nf5 19. hxg7 Re8 20. Bf4 Ne5 21. Ne4
Nh4 22. N2g3 Nxg2 23. Bg5 Nh4 24. Nf6+ Qxf6 25. Bxf6 Bd4 26. Ra3 1-0

[Event "Cto Equipos Aragon 2013 DH Titulo"]
[Site "?"]
[Date "2013.03.23"]
[Round "9.14"]
[White "Solano Lasierra, Javier"]
[Black "Chueca Forcen, Alberto"]
[Result "0-1"]
[WhiteElo "2188"]
[BlackElo "2310"]
[PlyCount "66"]
[EventDate "2013.??.??"]
[EventType "tourn"]
[EventRounds "4"]
[WhiteTeam "L`Aurora Estadilla"]
[BlackTeam "El Olivar"]

1. c4 e5 2. Nc3 Nc6 3. g3 g6 4. Bg2 Bg7 5. d3 d6 6. Nf3 f5 7. O-O h6 8. Rb1 Nf6
9. Nd2 O-O 10. b4 g5 11. b5 Ne7 12. Qb3 f4 13. Ba3 Kh8 14. c5 Nf5 15. cxd6 cxd6
16. Nde4 Nd4 17. Qb2 Ne8 18. Nd5 Be6 19. Ndc3 Rf7 20. Rbc1 Qd7 21. Nd2 Bh3 22.
Bd5 Nf6 23. Bxf7 Qxf7 24. e3 f3 25. exd4 Qh5 26. Rfe1 Bg2 27. Re4 Qh3 28. Nd1
h5 29. dxe5 Ng4 30. Rxg4 hxg4 31. Ne4 Bxe5 32. d4 Kg7 33. dxe5 Qxh2+ 0-1

[Event "Cto Equipos Aragon 2013 DH Titulo"]
[Site "?"]
[Date "2013.03.23"]
[Round "9.15"]
[White "Palacios Latasa, Elias"]
[Black "Escuer Sanchez, Nestor"]
[Result "1/2-1/2"]
[WhiteElo "2221"]
[BlackElo "2063"]
[PlyCount "66"]
[EventDate "2013.??.??"]
[EventType "tourn"]
[EventRounds "4"]
[WhiteTeam "El Olivar"]
[BlackTeam "L`Aurora Estadilla"]

1. e4 e6 2. d4 d5 3. e5 c5 4. c3 Qb6 5. Nf3 Nc6 6. Bd3 cxd4 7. cxd4 Bd7 8. O-O
Nxd4 9. Nbd2 Nc6 10. Nb3 Nge7 11. Be3 Qd8 12. Re1 Ng6 13. Bc5 Bxc5 14. Nxc5 Rb8
15. b4 O-O 16. b5 Na5 17. Qa4 b6 18. Na6 Rc8 19. Rac1 Qe7 20. Nb4 Rxc1 21. Rxc1
Rc8 22. Rxc8+ Bxc8 23. Bxg6 hxg6 24. Nc6 Qc5 25. g3 Bd7 26. Nxa7 Qc7 27. Qh4
Be8 28. Nc6 Nxc6 29. bxc6 Bxc6 30. Nd4 Bb7 31. Qg5 Ba6 32. Kg2 Bd3 33. a4 Be4+
1/2-1/2

[Event "Cto Equipos Aragon 2013 DH Titulo"]
[Site "?"]
[Date "2013.03.23"]
[Round "9.16"]
[White "Felez Casedas, Carlos"]
[Black "Hernando Garcia, Antonio"]
[Result "0-1"]
[WhiteElo "2012"]
[BlackElo "2173"]
[PlyCount "138"]
[EventDate "2013.??.??"]
[EventType "tourn"]
[EventRounds "4"]
[WhiteTeam "L`Aurora Estadilla"]
[BlackTeam "El Olivar"]

1. e4 d5 2. exd5 Qxd5 3. Nc3 Qd8 4. d4 c6 5. Bc4 Bf5 6. Nf3 e6 7. Ne5 Nd7 8.
Qe2 Nxe5 9. dxe5 Bb4 10. O-O Qh4 11. Be3 Ne7 12. Rad1 Bxc3 13. bxc3 Nd5 14.
Bxd5 exd5 15. Bc5 Qe4 16. Qd2 b6 17. Bd6 O-O-O 18. Rfe1 Qxc2 19. Qf4 Be6 20. a4
Qg6 21. a5 Bh3 22. g3 Qf5 23. Qe3 Qe4 24. Qxe4 dxe4 25. axb6 axb6 26. Rb1 Kb7
27. Bc5 b5 28. c4 Rhe8 29. cxb5 cxb5 30. Bd6 Bd7 31. Rxe4 Bc6 32. Ree1 Ra8 33.
Ra1 Bd5 34. f4 g6 35. Kf2 h5 36. Red1 Rxa1 37. Rxa1 Rc8 38. Rd1 Rc2+ 39. Ke3
Kc6 40. Rd2 Rc1 41. Rb2 Bc4 42. Bb4 Kd5 43. Rd2+ Ke6 44. h3 Kf5 45. Kf3 Rf1+
46. Rf2 Rb1 47. g4+ hxg4+ 48. hxg4+ Ke6 49. Bd6 Bd5+ 50. Ke3 Re1+ 51. Kd2 Re4
52. f5+ Kd7 53. fxg6 fxg6 54. g5 Rg4 55. Kc3 Rxg5 56. Kd4 Bc4 57. Rh2 Kc6 58.
Rh4 Rg1 59. Rf4 g5 60. Rf6 Rg4+ 61. Ke3 Kd5 62. Bb8 Re4+ 63. Kf3 g4+ 64. Kg3 b4
65. Rd6+ Kc5 66. Ba7+ Kb5 67. Rd4 Rxd4 68. Bxd4 Be6 69. Kf2 Kc4 0-1

[Event "Cto Equipos Aragon 2013 DH Descenso"]
[Site "Aragon"]
[Date "2013.03.23"]
[Round "9.17"]
[White "Carretero Cacho, Juan Jose"]
[Black "Gavin Roche, Enrique"]
[Result "0-1"]
[WhiteElo "2139"]
[BlackElo "2249"]
[PlyCount "46"]
[EventDate "2013.??.??"]
[EventType "tourn"]
[EventRounds "4"]
[EventCountry "ESP"]
[WhiteTeam "Agrupacion B"]
[BlackTeam "ONCE C.A. Aragon"]

1. e4 e6 2. d4 d5 3. Nc3 Bb4 4. Nge2 dxe4 5. a3 Be7 6. Nxe4 Nf6 7. N2g3 O-O 8.
c3 b6 9. Bd3 Bb7 10. Nxf6+ Bxf6 11. Nh5 e5 12. Qg4 Re8 13. O-O Nd7 14. Bh6 g6
15. Rfe1 Bh8 16. Re3 exd4 17. Bg5 dxe3 18. Bxd8 exf2+ 19. Kf1 Ne5 20. Qg3 Raxd8
21. Be2 Rd2 22. Rd1 Rxe2 23. Kxe2 Ng4+ 0-1

[Event "Cto Equipos Aragon 2013 DH Descenso"]
[Site "Aragon"]
[Date "2013.03.23"]
[Round "9.18"]
[White "Laliena Solares, Luis M"]
[Black "Mimbela Lopez, Luis"]
[Result "1-0"]
[WhiteElo "2160"]
[BlackElo "2118"]
[PlyCount "43"]
[EventDate "2013.??.??"]
[EventType "tourn"]
[EventRounds "4"]
[EventCountry "ESP"]
[WhiteTeam "ONCE C.A. Aragon"]
[BlackTeam "Agrupacion B"]

1. d4 Nf6 2. Nf3 g6 3. Nc3 Bg7 4. Bf4 d6 5. Qd2 c6 6. e4 a6 7. h3 b5 8. Bd3 Bb7
9. e5 dxe5 10. dxe5 Nd5 11. Bh6 Bxh6 12. Qxh6 Nxc3 13. bxc3 Qa5 14. O-O Qxc3
15. e6 fxe6 16. Ng5 Qf6 17. Nxh7 Kd8 18. Qd2 Qh4 19. Bxg6+ Kc7 20. Ng5 c5 21.
Qa5+ Kc6 22. Be4+ 1-0

[Event "Cto Equipos Aragon 2013 DH Descenso"]
[Site "Aragon"]
[Date "2013.03.23"]
[Round "9.19"]
[White "Sanchez Moreno, Jose Carlos"]
[Black "Latorre Abad, Fernando"]
[Result "1-0"]
[WhiteElo "1978"]
[BlackElo "2099"]
[PlyCount "53"]
[EventDate "2013.??.??"]
[EventType "tourn"]
[EventRounds "4"]
[EventCountry "ESP"]
[WhiteTeam "Agrupacion B"]
[BlackTeam "ONCE C.A. Aragon"]

1. d4 d6 2. e4 g6 3. Nf3 Bg7 4. Nc3 a6 5. Bf4 e6 6. Bd3 Ne7 7. Qd2 h6 8. O-O-O
b5 9. e5 d5 10. g4 Nd7 11. h4 c5 12. dxc5 Nxc5 13. Bf1 b4 14. Qd4 bxc3 15. Qxc5
cxb2+ 16. Kb1 Bd7 17. Nd4 O-O 18. Nf3 Rc8 19. Qe3 Rxc2 20. Bd3 Rc3 21. Bxh6 Qb8
22. Rd2 Bxh6 23. Qxh6 Rc1+ 24. Rxc1 bxc1=Q+ 25. Kxc1 Rc8+ 26. Kd1 Qb1+ 27. Ke2
1-0

[Event "Cto Equipos Aragon 2013 DH Descenso"]
[Site "Aragon"]
[Date "2013.03.23"]
[Round "9.20"]
[White "Cobo Garrido, Diego Israel"]
[Black "Martinez Crespo, Juan"]
[Result "1-0"]
[WhiteElo "2059"]
[BlackElo "1857"]
[PlyCount "52"]
[EventDate "2013.??.??"]
[EventType "tourn"]
[EventRounds "4"]
[EventCountry "ESP"]
[WhiteTeam "ONCE C.A. Aragon"]
[BlackTeam "Agrupacion B"]

1. e4 e5 2. Nf3 Nf6 3. Nc3 Bb4 4. Bc4 O-O 5. O-O d6 6. d3 h6 7. a3 Bxc3 8. bxc3
Nc6 9. Rb1 Na5 10. Ba2 c5 11. Qe2 Nc6 12. Rd1 Qe8 13. h3 Be6 14. Bxe6 fxe6 15.
Be3 b6 16. c4 Rf7 17. c3 Qe7 18. Qb2 Nh5 19. Nh2 Nf4 20. Bxf4 Rxf4 21. Nf1 Raf8
22. Rd2 Qh4 23. Re1 Qg5 24. Re3 Rf3 25. Rde2 Rxf2 26. Rxf2 Qxe3 1-0